Liverpool Leeds quiz Stats

 Plays Quiz not verified by Sporcle

Support Sporcle.
Go Orange.
Score 0/13 Timer 05:00
0 Plays Today
Nationality Player % Correct
EnglishJames Milner
87.1%
AustralianHarry Kewell
86.3%
EnglishRobbie Fowler
55.8%
SenegaleseEl Hadji Diouf
51.7%
ScottishGary McAllister
50.8%
IrishRobbie Keane
49.3%
WelshIan Rush
41.5%
ScottishDominic Matteo
37.3%
EnglishNick Barmby
14.3%
EnglishScott Carson
7.6%
EnglishJermaine Pennant
5.4%
EnglishStephen Warnock
4.7%
EnglishLee Peltier
1.7%

You're not logged in!

Compare scores with friends on all Sporcle quizzes.
OR
Log In

From the Vault

Book by First Name Mentioned

by Flick

Just because you're first, doesn't mean you're going to make it to the end of the book.
Remove Ads.
Support Sporcle.
Get the best of Sporcle when you Go Orange. This ad-free experience offers more features, more stats, and more fun while also helping to support Sporcle. Thank you for becoming a member.

Show Comments

Extras

Top Quizzes Today


Score Distribution

Your Account Isn't Verified!

In order to create a playlist on Sporcle, you need to verify the email address you used during registration. Go to your Sporcle Settings to finish the process.

Report this User

Report this user for behavior that violates our Community Guidelines.

Details: